|
|
|
|
| LEADER |
00000nam0a2200000 4500 |
| 001 |
114194 |
| 005 |
20231101215158.0 |
| 020 |
|
|
|a RU
|b 81-71826
|
| 035 |
|
|
|a (RuTPU)RU\TPU\book\123496
|
| 090 |
|
|
|a 114194
|
| 100 |
|
|
|a 20070420d1981 m y0rusy5003 ca
|
| 101 |
0 |
|
|a rus
|
| 102 |
|
|
|a BY
|
| 105 |
|
|
|a y z 000ay
|
| 200 |
1 |
|
|a Избранное
|e Рассказы. Очерки. Роман "Колесо времени"
|f А. И. Куприн
|g сост., вступ. ст. и примеч. Ф. И. Кулешов
|
| 210 |
|
|
|a Минск
|c Вышэйшая школа
|d 1981
|
| 215 |
|
|
|a 302 с.
|d 21 см.
|
| 610 |
1 |
|
|a русская литература
|
| 610 |
1 |
|
|a рассказы
|
| 610 |
1 |
|
|a очерки
|
| 610 |
1 |
|
|a романы
|
| 675 |
|
|
|a Р1
|z rus
|v 3
|
| 700 |
|
1 |
|a Куприн
|b А. И.
|c русский писатель
|f 1870-1960
|g Александр Иванович
|2 stltpush
|3 (RuTPU)RU\TPU\pers\1015
|9 448
|
| 702 |
|
1 |
|a Кулешов
|b Ф. И.
|4 220
|
| 801 |
|
0 |
|a RU
|b RuMRKP
|c 19950704
|g psbo
|
| 801 |
|
1 |
|a RU
|b 63413507
|c 20070420
|g PSBO
|
| 801 |
|
2 |
|a RU
|b 63413507
|c 20070814
|g PSBO
|
| 942 |
|
|
|c BK
|